[Event "Niedersachsen-ch op"]
[Site "Verden"]
[Date "2011.01.03"]
[Round "4"]
[White "Richters, Maik"]
[Black "Wilke, Kent"]
[Result "1-0"]
[WhiteElo "1447"]
[BlackElo "749"]
[PlyCount "55"]
[EventDate "2011.01.02"]
[EventType "swiss"]
[EventRounds "7"]
[EventCountry "GER"]
[SourceTitle "EXT 2018"]
[Source "ChessBase"]
[SourceDate "2017.10.13"]
[SourceVersion "1"]
[SourceVersionDate "2017.10.13"]
[SourceQuality "1"]

1. e4 e5 2. Nf3 d6 3. Nc3 Nc6 4. Bb5 Bd7 5. 0-0 f5 6. exf5 Bxf5 7. d4 Bg4 8. d5 Nge7 9. Bg5 Qd7 10. dxc6 bxc6 11. Be2 Nf5 12. Ne4 Be7 13. Bxe7 Qxe7 14. h3 Bxf3 15. Bxf3 0-0 16. c3 d5 17. Nd2 e4 18. Re1 Qg5 19. Bg4 e3 20. Nf3 Qf4 21. Bxf5 exf2+ 22. Kxf2 Qxf5 23. Kg1 Qg6 24. Kh1 Rf7 25. Ne5 Qg3 26. Nxf7 Kxf7 27. Rf1+ Kg8 28. Qf3 1-0

[Event "Niedersachsen-ch U16"]
[Site "Rotenburg"]
[Date "2009.04.07"]
[Round "5"]
[White "Evers, Annika"]
[Black "Richters, Maik"]
[Result "1/2-1/2"]
[WhiteElo "1532"]
[BlackElo "1333"]
[PlyCount "68"]
[EventDate "2009.04.04"]
[EventType "swiss"]
[EventRounds "9"]
[EventCountry "GER"]
[SourceTitle "EXT 2010"]
[Source "ChessBase"]
[SourceDate "2010.11.25"]
[SourceVersion "1"]
[SourceVersionDate "2010.11.25"]
[SourceQuality "1"]

1. e4 e5 2. Nf3 Nc6 3. Bc4 Bc5 4. c3 Nf6 5. d3 h6 6. Nbd2 0-0 7. Nf1 d5 8. exd5 Nxd5 9. Ne3 Nf4 10. 0-0 a6 11. b4 Be7 12. a4 Be6 13. Bxe6 fxe6 14. Ne1 Qe8 15. N1c2 Qg6 16. Ne1 Rad8 17. b5 Na7 18. bxa6 bxa6 19. Ng4 h5 20. Bxf4 exf4 21. Ne5 Qg5 22. N1f3 Qf5 23. d4 Bf6 24. Qe2 Bxe5 25. Nxe5 Rd6 26. Rab1 Nc6 27. Nxc6 Rxc6 28. c4 Qg5 29. f3 Rd8 30. Rfd1 Qa5 31. Qa2 Qc3 32. Rbc1 Qe3+ 33. Qf2 Qb3 34. Qc2 Qe3+ 1/2-1/2

[Event "Niedersachsen-ch U16"]
[Site "Rotenburg"]
[Date "2009.04.04"]
[Round "1"]
[White "Richters, Maik"]
[Black "Bauschmann, Christoph"]
[Result "0-1"]
[WhiteElo "1333"]
[BlackElo "1824"]
[PlyCount "82"]
[EventDate "2009.04.04"]
[EventType "swiss"]
[EventRounds "9"]
[EventCountry "GER"]
[SourceTitle "EXT 2010"]
[Source "ChessBase"]
[SourceDate "2010.11.25"]
[SourceVersion "1"]
[SourceVersionDate "2010.11.25"]
[SourceQuality "1"]

1. e4 c5 2. Na3 d6 3. c3 Nf6 4. Bb5+ Bd7 5. Bxd7+ Qxd7 6. f3 e6 7. Ne2 Nc6 8. 0-0 d5 9. d3 d4 10. Bf4 Be7 11. Qd2 0-0 12. Rac1 Rfd8 13. c4 e5 14. Bg5 Ne8 15. h3 Bxg5 16. Qxg5 Nb4 17. Rcd1 f6 18. Qg3 Nxa2 19. f4 exf4 20. Rxf4 Nb4 21. Rdf1 Nc6 22. Rf5 b6 23. Nf4 Ne7 24. Rh5 a6 25. Nd5 Nxd5 26. Rxd5 Qc7 27. Qf3 Rxd5 28. cxd5 Nd6 29. Qg4 Qe7 30. Nc4 Nxc4 31. dxc4 Re8 32. Re1 Qd6 33. Kf2 Qd8 34. Qf5 Re5 35. Qf4 Qe8 36. Kf3 f5 37. d6 fxe4+ 38. Rxe4 Rxe4 39. Qxe4 Qxe4+ 40. Kxe4 Kf7 41. g4 Ke6 0-1